<?xml version="1.0" encoding="UTF-8"?>
<marc:record xmlns:marc="http://www.loc.gov/MARC21/slim">
   <marc:leader>00000nam a2200000 a 4500</marc:leader>
   <marc:datafield ind1="1" ind2=" " tag="100">
      <marc:subfield code="a">Langston, Laura</marc:subfield>
      <marc:subfield code="4">ctb</marc:subfield>
      <marc:subfield code="e">Mitwirkende/-r</marc:subfield>
   </marc:datafield>
   <marc:datafield ind1="1" ind2=" " tag="100">
      <marc:subfield code="a">Gardiner, Lindsey</marc:subfield>
      <marc:subfield code="4">ctb</marc:subfield>
      <marc:subfield code="e">Mitwirkende/-r</marc:subfield>
   </marc:datafield>
   <marc:datafield ind1="1" ind2=" " tag="100">
      <marc:subfield code="a">Mibus, Daniela</marc:subfield>
      <marc:subfield code="4">trl</marc:subfield>
      <marc:subfield code="e">Übersetzer/-in</marc:subfield>
   </marc:datafield>
   <marc:datafield ind1="0" ind2="0" tag="245">
      <marc:subfield code="a">Omas Apfelkuchen</marc:subfield>
   </marc:datafield>
   <marc:datafield ind1="0" ind2="0" tag="245">
      <marc:subfield code="c">Laura Langston &amp; Lindsey Gardiner. [Aus dem Engl. übers. von Daniela Mibus</marc:subfield>
   </marc:datafield>
   <marc:datafield ind1=" " ind2="1" tag="264">
      <marc:subfield code="a">Kiel</marc:subfield>
      <marc:subfield code="b">Wittig</marc:subfield>
      <marc:subfield code="c">2004</marc:subfield>
   </marc:datafield>
   <marc:datafield ind1="1" ind2=" " tag="520">
      <marc:subfield code="a">Manchmal ist Omas Gedächtnis nicht so gut und sie weiß die einfachsten Sachen nicht. Aber sie kann sich auch an viele besondere Dinge erinnern - zum Beispiel wie man leckeren Apfelkuchen backt. Oma und ihre Enkelin Greta unternehmen viel zusammen: Sie gehen zusammen spazieren, sie singen, Oma liest Greta Geschichten vor, sie pflücken gemeinsam Äpfel für Omas leckeren Apfelkuchen. - Bis Oma sich eines Tages nicht daran erinnern kann, wer Greta ist ... Eine anrührende Familiengeschichte über Fürsorge und Verständnis mit fröhlichen und lebhaften Bildern von Lindsey Gardiner - und mit dem Rezept von Omas Apfelkuchen.</marc:subfield>
   </marc:datafield>
   <marc:datafield ind1=" " ind2=" " tag="020">
      <marc:subfield code="a">9783804844834</marc:subfield>
      <marc:subfield code="9">9783804844834</marc:subfield>
   </marc:datafield>
   <marc:datafield ind1=" " ind2=" " tag="020">
      <marc:subfield code="a">3804844839</marc:subfield>
      <marc:subfield code="9">3804844839</marc:subfield>
   </marc:datafield>
   <marc:datafield ind1=" " ind2=" " tag="041">
      <marc:subfield code="a">ger</marc:subfield>
   </marc:datafield>
</marc:record>
